Nhl:n 1.maalivahdit - Statistics

Yleistilastot
  • Tätä visaa on pelattu 120 kertaa
  • Keskiarvotulos 14 / 32
Vastaustilastot
Hint Vastaus % Oikein
Predators Juuse Saros
94%
Panthers Sergei Bobrovsky
78%
Sabres Ukko-Pekka Luukkonen
74%
Senators Linus Ullmark
63%
Oilers Stuart Skinner
63%
Hurricanes Fredrik Andersen
62%
Rangers Igor Shesterkin
62%
Jets Connor Hellebuyck
61%
Bruins Jeremy Swayman
61%
Stars Jake Oettinger
60%
Avalanche Mackenzie Blackwood
60%
Islanders Ilya Sorokin
53%
Blues Jordan Binnington
52%
Golden Knights Adin Hill
50%
Devils Jacob Markstrom
48%
Penguins Tristan Jarry
46%
Canucks Thatcher Demko
45%
Lighting Andrei Vasilevskiy
38%
Ducks Lukas Dostal
37%
Flames Dustin Wolf
35%
Wild Filip Gustavsson
35%
Capitals Logan Thompson
35%
Canadiens Sam Montembeault
35%
Blue Jackets Elvis Merzlikins
30%
Blackhawks Petr Mrazek
30%
Kings Darcy Kuemper
29%
Maple Leafs Anthony Stolarz
24%
Flyers Samuel Ersson
21%
Kraken Joey Daccord
20%
Red Wings Cam Talbot
14%
Utah hockey club Connor Ingram
11%
Sharks Aleksandr Georgijev
2%
Ehtoja vastaavia visoja ei löytynyt
Tulosjakauma
Jokaisen tuloksen saaneiden osuus
Persentiili vastausten määrän mukaan
Tuloshistoriasi
Et ole pelannut tätä visaa